005750000a22001930004500003001100000005001700011008004100028020001500069040003900084041000800123082001300131100001900144245005500163250001800218260007800236300000900314650002200323650003600345LK-CoMWRAF20230825215608.0230817t2002 ||||| |||| 00| 0 eng d a9552055970 aLK-CoMWRAFdLK-CoMWRAFeLK-CoMWRAF aeng a823bRAJ aRajon, Maleeha aThe Dance of Life :bA collection of short stories aFirst Edition aSri Lanka (Wellampitiya)bGodage International Publishers (Pvt) Ltdc2002 a116p aEnglish Fiction : a Sri Lankan Fiction ( English )